Arrears and repossessions warning (Record no. 70873)

MARC details
000 -LEADER
fixed length control field 00996cam a2200229 4500
001 - CONTROL NUMBER
control field WB3828-10
008 - FIXED-LENGTH DATA ELEMENTS--GENERAL INFORMATION
fixed length control field 020801n2002 000 0 eng u
035 ## - SYSTEM CONTROL NUMBER
System control number (Sirsi) u119147
245 ## - TITLE STATEMENT
Title Arrears and repossessions warning
260 ## - PUBLICATION, DISTRIBUTION, ETC.
Date of publication, distribution, etc. 2002
490 ## - SERIES STATEMENT
Series statement Council of Mortgage Lenders Press Release
Volume/sequential designation 31 July 2002, (2)
520 ## - SUMMARY, ETC.
Summary, etc. Council of Mortgage Lenders has warned that growing unemployment and slower house price increases are set to produce a rise in arrears and repossessions. This follows a six month period at beginning of 2002 when a combination of low unemployment and interest rates, and rising property prices, had produced favourable conditions for home-owners. www.cml.org.uk/servlet/dycon/zt-cml/cml/live/en/cml/press_releases_2002_0731
590 ## - LOCAL NOTE (RLIN)
Local note WB
650 ## - SUBJECT ADDED ENTRY--TOPICAL TERM
Topical term or geographic name entry element MORTGAGES
650 ## - SUBJECT ADDED ENTRY--TOPICAL TERM
Topical term or geographic name entry element MORTGAGE LENDERS
650 ## - SUBJECT ADDED ENTRY--TOPICAL TERM
Topical term or geographic name entry element INTEREST RATES
650 ## - SUBJECT ADDED ENTRY--TOPICAL TERM
Topical term or geographic name entry element PROPERTY PRICES
650 ## - SUBJECT ADDED ENTRY--TOPICAL TERM
Topical term or geographic name entry element MORTGAGE ARREARS
650 ## - SUBJECT ADDED ENTRY--TOPICAL TERM
Topical term or geographic name entry element REPOSSESSIONS
690 ## - LOCAL SUBJECT ADDED ENTRY--TOPICAL TERM (OCLC, RLIN)
Topical term or geographic name as entry element HOUSING
942 ## - ADDED ENTRY ELEMENTS (KOHA)
Suppress in OPAC 0
Holdings
Withdrawn status Lost status Source of classification or shelving scheme Damaged status Not for loan Home library Current library Shelving location Date acquired Total Checkouts Full call number Barcode Date last seen Copy number Price effective from Koha item type
    Dewey Decimal Classification     London London News article 01/08/2002   WB3828-10 119147-1001 06/08/2019 1 06/08/2019 News article